000 00558nam a22001817a 4500
003 KOHA_MİRAKIL
005 20251209113947.0
008 251209b tu ||||| |||| 00| 0 tur d
020 _a9786258459074
040 _aTR-AnABB
_btur
_cTR-AnABB
041 _atur
082 _a327.561015
_bOSM 2023
245 1 0 _aOsmanlı’dan günümüze insani diplomasi /
260 _aİstanbul :
_bTürkiye Cumhuriyeti Cumhurbaşkanlığı Devlet Arşivleri Başkanlığı
_c2023
300 _a647 sayfa ;
_c30 cm
650 0 4 _aOsmanlı Devleti
942 _2ddc
_cBK
999 _c9733
_d9733
900 _bGizem YORULMAZ